|
|
|
|
| LEADER |
00000nbm0a2200000 4500 |
| 001 |
78396 |
| 005 |
20231101213004.0 |
| 035 |
|
|
|a (RuTPU)RU\TPU\book\84019
|
| 090 |
|
|
|a 78396
|
| 100 |
|
|
|a 20050620d1980 k y0rusy50 ca
|
| 101 |
0 |
|
|a rus
|
| 102 |
|
|
|a RU
|
| 105 |
|
|
|a a m 001zy
|
| 200 |
1 |
|
|a Исследование взаимодействия дефектов в ионных кристаллах
|e диссертация на соискание ученой степени кандидата физико-математических наук
|f Л. П. Ликай
|g Томский политехнический институт; науч. рук. Е. К. Завадовская, В. М. Лисицин
|
| 210 |
|
|
|a Томск
|c [Б. и.]
|d 1980
|
| 215 |
|
|
|a 178 л.
|c ил.
|
| 320 |
|
|
|a Библиогр.: с. 167-178 (96 назв.)
|
| 606 |
1 |
|
|a Кристаллы ионные
|x Дефекты
|2 stltpush
|3 (RuTPU)RU\TPU\subj\53468
|9 71701
|
| 610 |
1 |
|
|a диссертации
|
| 610 |
1 |
|
|a исследования
|
| 610 |
1 |
|
|a взаимодействия
|
| 610 |
1 |
|
|a релаксация
|
| 610 |
1 |
|
|a решетки
|
| 610 |
1 |
|
|a ионы
|
| 610 |
1 |
|
|a физика
|
| 610 |
1 |
|
|a химические связи
|
| 610 |
1 |
|
|a элементы
|
| 610 |
1 |
|
|a твердые тела
|
| 675 |
|
|
|a 548.4(04)
|v 3
|
| 700 |
|
1 |
|a Ликай
|b Л. П.
|
| 702 |
|
1 |
|a Завадовская
|b Е. К.
|4 727
|
| 702 |
|
1 |
|a Лисицин
|b В. М.
|g Виктор Михайлович
|4 340
|
| 712 |
0 |
2 |
|a Томский политехнический институт
|2 stltpush
|3 (RuTPU)RU\TPU\col\1123
|
| 801 |
|
1 |
|a RU
|b 63413507
|c 20050620
|g PSBO
|
| 801 |
|
2 |
|a RU
|b 63413507
|c 20200819
|g RCR
|
| 942 |
|
|
|c BK
|